00898cam a2200241 a 450000100100000000500170001000800410002702000150006804000230008304100380010608200180014410000310016224501580019326000340035130000210038544000340040653400610044065000260050165000300052770000360055770000260059370000370061900000397720200929150641.0901019s1982 sp 000 f spa  a8433930214 aDO-SdBNPcDLCdDLC17aspaheng2Código de idioma MARC a813.52bW464u1 aWelty, Eudora,d1909-2001.10aUna cortina de follaje :by otros relatos /cEurora Welty ; traducción, J. M. Álvarez Flórez y Ángela Pérez ; prólogo, Katherine Anne Porter. aBarcelona :bAnagrama,c1982. a219 p. ;c20 cm. 0aPanorama Narrativas ;vno. 21 aTítulo original: A curtain of green and other stories. 4aNovela estadounidense 4aLiteratura estadounidense1 aÁlvarez Flórez, J. M.,etr.1 aPérez, Angela,etr.1 aPorter, Katherine Anne,epról.